000 00862nam a2200217Ia 4500
003 Ost
005 20260507075109.0
008 260507s9999||||xx |||||||||||||| ||und||
040 _cfsecg
041 _aara
082 _a330
100 _aكامل، مصطفى مصطفى
_eمؤلف
245 0 _aادارة الموارد البشرية /
_c مصطفى مصطفى كامل
260 _aالقاهرة:
_bالشركة العربية للنشر والتوزيع,
_c1994
300 _c23 سم
520 _aفي هذا الكتاب : مدخل مفاهمي . التحليل التنظيمي ، السلوك التنظيمي علاقات العمل :الصراع والتغيير ، ادارة الأفراد العلاقات الصناعية
653 _aادارة
653 _aالأفراد
653 _aموارد بشرية
942 _cكتاب
999 _c42860
_d42860